Desarrollo técnico constructivo y de equipamiento de los servicios : anatomía patológica y acopio, del nuevo Hospital Monseñor Víctor Manuel Sanabria Martínez en Barranca, Puntarenas
Guardat en:
| Autor principal: | |
|---|---|
| Altres autors: | |
| Format: | Llibre |
| Idioma: | Spanish |
| Publicat: |
[San José, Costa Rica]
2021
|
| Matèries: | |
| Etiquetes: |
Afegir etiqueta
Sense etiquetes, Sigues el primer a etiquetar aquest registre!
|
MARC
| LEADER | 00000nam a2200000Ia 4500 | ||
|---|---|---|---|
| 003 | 013450 | ||
| 005 | 20230330095200.0 | ||
| 008 | 140116s2021 cr a 000 ||spa d | ||
| 040 | |c cru CEDI | ||
| 090 | |a TFG 8601 | ||
| 100 | |a Valverde Vargas, Rossy Pamela, 1996- |9 227 | ||
| 245 | |a Desarrollo técnico constructivo y de equipamiento de los servicios : anatomía patológica y acopio, del nuevo Hospital Monseñor Víctor Manuel Sanabria Martínez en Barranca, Puntarenas | ||
| 260 | |a [San José, Costa Rica] |c 2021 | ||
| 500 | |a Práctica dirigida (licenciatura en arquitectura)--Universidad de Costa Rica. Facultad de Ingeniería. Escuela de Arquitectura | ||
| 501 | |a Director de Práctica Dirigida de Graduación: Lic. Omar Chavarría Abarca, Arq. | ||
| 610 | |x Hospital Monseñor Sanabria (Puntarenas, Costa Rica) - APARATOS E INSTRUMENTOS | ||
| 650 | |x ANATOMIA PATOLOGICA - APARATOS E INSTRUMENTOS |x ARQUITECTURA DE HOSPITALES - PUNTARENAS (COSTA RICA) |x CENTROS DE ACOPIO - DISEÑO |x DISEÑO ARQUITECTONICO | ||
| 700 | |9 228 |a Chavarría Abarca, Omar Eliecer, 1969- | ||
| 942 | |c CEDI |h TFG 8601 |6 TFG_8601_000000000000000 | ||
| 999 | |c 21952 |d 21952 | ||
